[Commentarius In Evangelium De Iesv Xto Secvndvm Matthaevm

Bibliographic Details
Main Author: Hunnius, Aegidius, 1550-1603 (Author)
Corporate Author: Wellack, Matthäus - Witwe (Wittenberg, Nemecko) (Printer)
Format: Book
Language:Latin
PhysicalDescription:[6], 1343, [60] s. 15 cm
Published: [Wittenberg] [Welack, Matthaeus (Witwe)] [1594]
Subjects:

MARC

LEADER 00000nam a2200000 a 4500
001 vtls011753764
003 SK-MaSNL
005 20260301095528.0
008 251112 1594 gw 001 0 lat
015 |a SNBHFA1594 
020 |q viazaná 
035 |a urn:nbn:sk:snk-am00ct14 
035 |a urn:nbn:sk:snk-am3huh7 
035 |a 09CA553A-7500-4B3D-8602-C0B92DB17F01 
040 |a SNKHF  |b slo  |c SNK  |e AACR2 
041 0 |a lat 
072 7 |a 2-23/-27  |x Biblia. Biblistika  |2 konspekt 
080 |a 2-27  |2 2011 
080 |a 27-27  |2 2011 
100 1 |a Hunnius, Aegidius,  |d 1550-1603  |4 aut  |9 161248 
245 1 |a [Commentarius In Evangelium De Iesv Xto Secvndvm Matthaevm  |c Conscriptus Per Aegidivm Hvnnivm S. Theologiae Doctorem & Professorem in Academia Wittenbergensi] 
260 |a [Wittenberg]  |b [Welack, Matthaeus (Witwe)]  |c [1594] 
300 |a [6], 1343, [60] s.  |c 15 cm 
500 |a Defektný exemplár, chýba titulný list, začiatok a koniec textu. Chýbajúce strany sú doplnené rukopisnými listami 
550 |a Impresum podľa VD 16 
561 |a Z knižnice Učenej spoločnosti malohontskej.  |5 SNK ID 99803 
630 0 7 |a Biblia  |p Evanjeliá  |2 SNKPH  |9 162776 
710 2 |a Učená spoločnosť malohontská  |4 fmo  |9 205374 
710 0 |a Wellack, Matthäus - Witwe (Wittenberg, Nemecko),  |d 1594-?  |4 prt  |9 431026 
752 |a Nemecko  |d Wittenberg 
852 |a snk  |b Historické fondy  |p ID 99803 
958 |a ONDV 
999 |c 683413  |d 685343 
952 |t MHC II.A.d.77  |a SNK  |b SNK  |c SNK_HF  |y PREZ  |7 0  |p 17A1130920  |o snkID 99803  |i snk2018/9592  |8 5  |0 0  |1 0  |4 0  |d 2018-04-27  |f 1  |l 0  |r 2026-02-23 20:03:58  |w 2026-02-23